000 006200000a22001810004500
090 _aAR
_b02191
245 1 0 _aConfirmación de la presencia de Limnodromus scolopaceus (<aves: Scopolacidae>) en Colombia
650 1 4 _aAves
_992429
650 1 4 _aOrnitología
_993189
650 1 4 _aMorfología animal
_99953
650 1 4 _aNuevos registros
_994719
651 4 _mLa Boquilla
_dBolivar
_pColombia
_992749
653 _Limnodromus
_eLimnodromus scolopaceus
041 0 _aEspañol
100 1 _aNaranjo Henao, Luis Germán
_93891
942 _cARTICULO
773 1 _tTrianea: Acta Científica y Tecnológica
_3159
_h4
_q559-561
_d1991
999 _c11263
_d11263